UBT Library

PATHOLOGY OF BONE (Record no. 58625)

000 -LEADER
fixed length control field 00304nam a22001457a 4500
008 - FIXED-LENGTH DATA ELEMENTS--GENERAL INFORMATION
fixed length control field 221020b ||||| |||| 00| 0 eng d
020 ## - INTERNATIONAL STANDARD BOOK NUMBER
International Standard Book Number 3540154183
041 ## - LANGUAGE CODE
Language code of text/sound track or separate title eng
080 ## - UNIVERSAL DECIMAL CLASSIFICATION NUMBER
Universal Decimal Classification number 616
082 ## - DEWEY DECIMAL CLASSIFICATION NUMBER
Classification number 616
100 ## - Rafti
Rafti 14.2
101 ## - Shkurtesa
Shkurtesa inf
245 ## - TITLE STATEMENT
Title PATHOLOGY OF BONE
Statement of responsibility, etc REVELL P
942 ## - ADDED ENTRY ELEMENTS (KOHA)
Source of classification or shelving scheme
Item type Books
Holdings
Withdrawn status Lost status Source of classification or shelving scheme Damaged status Not for loan Collection code Permanent location Current location Date acquired Total Checkouts Full call number Barcode Date last seen Price effective from Koha item type
          Koleksioni i përgjithshem UBT - Lipjan UBT - Lipjan 10/20/2022   616 REV 002-800028700260263 10/20/2022 10/20/2022 Books
          Koleksioni i përgjithshem UBT - Lipjan UBT - Lipjan 10/20/2022   610.73TIL 002-800028700260264 10/20/2022 10/20/2022 Books
UBT Library © 2015-2024. All rights reserved University Education for Business and Technology